Generačná výmena a nástupníctvo v rodinnom podniku pôsobiaceho v službách diplomová práca

Salvato in:
Dettagli Bibliografici
Autore principale: Klúčiková, Simona
Ente Autore: Obchodná fakulta EU. Katedra cestovného ruchu
Altri autori: Mura, Ladislav, 1979-
Natura: Libro
Lingua:slovacco
Pubblicazione: Bratislava 2025
Tags: Aggiungi Tag
Nessun Tag, puoi essere il primo ad aggiungerne!!

MARC

LEADER 00000nbm a2200000 4500
001 0310369
005 20260320135232.1
041 0 |a slo 
044 |a SK 
245 1 0 |a Generačná výmena a nástupníctvo v rodinnom podniku pôsobiaceho v službách  |b diplomová práca  |c Simona Klúčiková ; školiteľ: Ladislav Mura 
264 1 |a Bratislava  |c 2025 
300 |a 67 s. 
100 1 |a Klúčiková, Simona 
700 1 |a Mura, Ladislav, 1979- 
710 2 |a Obchodná fakulta EU. Katedra cestovného ruchu